000 00781nam a22002297a 4500
003 CBULib
005 20250805101559.0
008 250805b |||||||| |||| 00| 0 eng d
020 _a9982070751
040 _aCBULib
_bEnglish
_cCBULib
_erda
041 _aeng
050 _aCBU-SB(05)JB/1999/3/1
110 _94712
_aThe Copperbelt University-School of Business(CBU-SB)
245 _aJournal of Business : January/June 1999 volume 3 number 1
_c/ by The Copperbelt University-School of Business(CBU-SB)
260 _aKtwe :
_bCopperbelt University,
_c1999.
300 _a102 pages : illustrations
336 _2rdacontent
_aText |
_btxt
337 _2rdamedia
_aUnmediated |
_bn
338 _2rdacarrier
_aVolume
_bnc
650 0 _94741
_aBUSINESS--PERIODICALS
942 _2mc
_c030
999 _c86364
_d86364